|
|
|
|
| LEADER |
01755nam a2200457 a 4500 |
| 001 |
nkc20081812214 |
| 003 |
CZ PrNK |
| 005 |
20200217074825.0 |
| 007 |
ta |
| 008 |
080711s2008 xr a e p 000 0 cze |
| 015 |
|
|
|a cnb001812214
|
| 020 |
|
|
|a 978-80-7043-642-4
|q (brož.) :
|c Kč 245,00
|
| 035 |
|
|
|a (OCoLC)259737107
|
| 040 |
|
|
|a OLA001
|b cze
|d BOA001
|d ABA001
|
| 072 |
|
7 |
|a 311
|x Statistika
|2 Konspekt
|9 4
|
| 072 |
|
7 |
|a 37.016
|x Učební osnovy. Vyučovací předměty. Učebnice
|2 Konspekt
|9 22
|
| 080 |
|
|
|a 311:33
|2 MRF
|
| 080 |
|
|
|a 311:308
|2 MRF
|
| 080 |
|
|
|a (075.8)
|2 MRF
|
| 245 |
0 |
0 |
|a Ekonomická a sociální statistika /
|c Jan Macek ... [et al.]
|
| 250 |
|
|
|a 1. vyd.
|
| 260 |
|
|
|a Plzeň :
|b Západočeská univerzita v Plzni,
|c 2008
|
| 300 |
|
|
|a 240 s. :
|b il. ;
|c 30 cm
|
| 500 |
|
|
|a Na obálce pod názvem: Západočeská univerzita v Plzni, Fakulta ekonomická
|
| 500 |
|
|
|a 500 výt.
|
| 504 |
|
|
|a Obsahuje bibliografii
|
| 521 |
8 |
|
|a Určeno pro studenty 2. roč. FEK
|
| 650 |
0 |
7 |
|a ekonomická statistika
|7 ph114425
|2 czenas
|
| 650 |
0 |
7 |
|a sociální statistika
|7 ph125814
|2 czenas
|
| 650 |
0 |
9 |
|a economic statistics
|2 eczenas
|
| 650 |
0 |
9 |
|a social statistics
|2 eczenas
|
| 655 |
|
7 |
|a učebnice vysokých škol
|7 fd133772
|2 czenas
|
| 655 |
|
9 |
|a textbooks (higher)
|2 eczenas
|
| 700 |
1 |
|
|a Macek, Jan,
|d 1931-
|7 ola2002142266
|4 aut
|
| 710 |
2 |
|
|a Západočeská univerzita.
|b Ekonomická fakulta
|7 kn20010709434
|
| 856 |
4 |
1 |
|u http://www.digitalniknihovna.cz/mzk/uuid/uuid:e3687a40-9360-11ea-830f-005056827e51
|y Digitalizovaný dokument
|x NDK
|
| 910 |
2 |
|
|a BOA001
|b 3-1206.464
|
| 990 |
|
|
|a BK
|
| 995 |
|
|
|a 01
|
| 991 |
|
|
|b 200808
|c NOV
|
| 996 |
6 |
|
|b 2610349622
|c 3-1206.464
|l MZK
|r Sklad / do 1 hodiny
|n 3
|p p.v.
|w 001070344
|u 000010
|a 1
|e BOA001
|j MZK50
|s P
|